Mozartiana /
Uložené v:
| Hlavný autor: | |
|---|---|
| Ďalší autori: | |
| Médium: | Kniha |
| Jazyk: | Czech |
| Vydané: |
Praha :
Státní nakladatelství krásné lieratury, hudby a umění,
1963.
|
| Fyzický popis: |
81 strán. |
| Tagy: |
Pridať tag
Žiadne tagy, Buďte prvý kto otaguje tento záznam!
|
Titul je dostupný aj v ... 

MARC
| LEADER | 00000nam a22000002i 4500 | ||
|---|---|---|---|
| 001 | 000369727 | ||
| 005 | 20250305142901.0 | ||
| 008 | 110223s2010 xr a g c 001 0 cze d | ||
| 020 | |c Kčs 12,00 |q (brožované) | ||
| 040 | |a SVKKK |b slo |c SVKKK |e rda | ||
| 041 | 0 | |a cze | |
| 044 | |a xr |c Cz | ||
| 100 | 1 | |a Holan, Vladimír, |d 1905-1980 |4 aut | |
| 245 | 1 | 0 | |a Mozartiana / |c Vladimír Holan ; ilustrácie, vazba a grafická úprava Zdeněk Sklenář. |
| 264 | 1 | |a Praha : |b Státní nakladatelství krásné lieratury, hudby a umění, |c 1963. | |
| 300 | |a 81 strán. | ||
| 336 | |a text |b txt |2 rdacontent | ||
| 337 | |a bez média |b n |2 rdamedia | ||
| 338 | |a zväzok |b nc |2 rdacarrier | ||
| 500 | |a Záznam revízie | ||
| 700 | 1 | |a Sklenář, Zdeněk, |d 1910-1986 |4 ill |4 bdd | |
| 910 | |a svkkk | ||
| 998 | |a BK | ||
| 090 | |g SCKHL |k Sklad Pribinova 3. posch. |a V.37446/6 |j 325688 |i 2721137211 |s Vyradená | ||